Obchodovanie na akciových trhoch bakalárska práca

Salvato in:
Dettagli Bibliografici
Autore principale: Duník, Martin
Ente Autore: Fakulta podnikového manažmentu EU. Katedra podnikových financií
Altri autori: Badura, Peter, 1978-
Natura: Libro
Lingua:slovacco
Pubblicazione: Bratislava 2012
Tags: Aggiungi Tag
Nessun Tag, puoi essere il primo ad aggiungerne!!

MARC

LEADER 00000nbm a2200000 4500
001 0153974
005 20161109111816.0
041 0 |a slo 
044 |a SK 
245 1 0 |a Obchodovanie na akciových trhoch  |b bakalárska práca  |c Martin Duník ; školiteľ: Peter Badura 
264 1 |a Bratislava  |c 2012 
300 |a 48 s. 
100 1 |a Duník, Martin 
700 1 |a Badura, Peter, 1978- 
710 2 |a Fakulta podnikového manažmentu EU. Katedra podnikových financií